000 00789cab a2200265 4500
001 WB3519-02
008 090401t1999 xxu||||| |||| 00| 0 eng d
035 _a(Sirsi) u93414
041 _aeng
245 _aBidding from home
260 _c1999
350 _a0
490 _aTimes
_v15 May 1999, 62(1)
520 _aDiscusses the increasing interest in online sales, with Christie's and Sotheby's both launching online auctions shortly, and the Auction Channel offering the facility to bid directly over the Internet.
650 _aAUCTION CHANNEL
650 _aBONHAMS
650 _aCHRISTIES
650 _aINTERNET AUCTIONS
650 _aINTERNET
650 _aSales
_96269
650 _aSOTHEBYS
690 _aAuctioneering
_96218
942 _n0
948 _c19/05/1999
999 _c59201
_d59201